James Bond "title song" performers - Statistics

General Stats
  • This quiz has been taken 21 times
  • The average score is 12 of 25
Answer Stats
Movie Song Title Singer / Band UK chart peak position % Correct
Live and let die = Paul McCartney & Wings 9
90%
Skyfall = Adele 2
85%
A view to a kill = Duran Duran 2
70%
Spectre Writing's on the wall Sam smith 1
65%
Goldfinger = Shirley Bassey 21
65%
Diamonds are forever = Shirley Bassey 38
65%
Moonraker = Shirley Bassey -
65%
Die another day = Madonna 3
60%
No time to die = Billie Eilish 1
55%
Goldeneye = Tina Turner 10
55%
The living daylights = A-ha 5
50%
The spy who loved me Nobody does it better Carly Simon 7
50%
The world is not enough = Garbage 11
45%
The man with the golden gun = Lulu -
45%
For your eyes only = Sheena Easton 8
45%
You only live twice = Nancy Sinatra 11
35%
Tomorrow never dies = Sheryl Crow 12
35%
Thunderball = Tom Jones 35
35%
Casino Royale You know my name Chris Cornell 7
30%
Quantum of solace Another way to die Jack White & Alicia Keys 9
30%
Octopussy All time high Rita Coolidge 75
30%
Licence to kill = Gladys Knight 6
25%
Dr. No James Bond theme John Barry 13
20%
From Russia with love = John Barry 20
20%
On her majesty's secret service = The John Barry orchestra -
0%
No matching quizzes found
Score Distribution
Percent of People with Each Score
Percentile by Number Answered
Your Score History
You have not taken this quiz